000 00447nam a22001817a 4500
003 SISC
005 20160215154816.0
008 130822t xxu||||| |||| 00| 0 eng d
020 _a9781848980822
050 _aQL 3
_b.R188 2005
082 _aHS 333.95
_bR15 2009
100 _aRandall, Ronne
_912029
245 _aWild world /
_cRonne Randall.
300 _a102 p. ;
_c28 cm.
650 _aWild life
_912030
942 _2lcc
_cBK
999 _c8981
_d8981